DOBROVOĽNÍCKA PRÁCA ŠTUDENTOV NA PEDAGOGICKEJ FAKULTE UMB V BANSKEJ BYSTRICI - JEJ HISTÓRIA A SÚČASNOSŤ

Bibliographic Details
Main Author: Hroncová, Jolana, 1949- (Author)
Format: Article
Language:Slovak
Subjects:

MARC

LEADER 00000naa a2200000 a 4500
001 vtls011849820
003 SK-MaSNL
005 20260302143258.0
008 210910|2003 xo |||||||||||||||||slo|
015 |a SNBCL 
035 |a (urnnbn)urn:nbn:sk:snk:ar-a0ar3g 
035 |a urn:nbn:sk:snk-aaw543 
035 |a (uuid)a63c705e-a7d8-4513-860a-f043ee8110bb 
040 |a SNKBUCL  |b slo  |c SNKBUCL  |e AACR2 
041 |a slo 
044 |a xo  |c SK 
100 1 |a Hroncová, Jolana,  |d 1949-  |4 aut  |9 190929 
245 1 0 |a DOBROVOĽNÍCKA PRÁCA ŠTUDENTOV NA PEDAGOGICKEJ FAKULTE UMB V BANSKEJ BYSTRICI - JEJ HISTÓRIA A SÚČASNOSŤ  |c Jolana Hroncová 
336 |a text  |b txt  |c rdacontent 
337 |a bez média  |b n  |c rdamedia 
338 |a zväzok  |b nc  |c rdacarrier 
655 7 |a články zo zborníkov  |2 snkbucl  |9 166140 
773 0 |t Odborná prax v príprave sociálnych pracovníkov  |d Nitra : Univerzita Konštantína Filozofa, 2003  |g S. 134-137  |z 8080506558 
958 |a OND 
958 |a article26 
958 |a chapter 
999 |c 1343607  |d 1345537